| 000 | 01228nam a22002777i 4500 | ||
|---|---|---|---|
| 999 |
_c23603 _d23603 |
||
| 003 | AR-CdUCM | ||
| 008 | 260417b20222022 pe||||| |||| 00| 0 eng d | ||
| 020 | _a978-987-4180-88-9 | ||
| 040 |
_aMUNICIPALIDAD PROVINCIAL DEL CUSCO _cBIBLIOTECA MUNICIPAL DEL CUSCO |
||
| 041 | _hSPA | ||
| 082 |
_24° ed. _a901 _b R33 |
||
| 100 |
_aRecalde, Héctor Eleodoro _952571 |
||
| 245 |
_aHistoria de mundo contemporáneo 1770-2022 : _bDesde las revoluciones burguesas del siglo XVIII a los años del COVID - 19 / |
||
| 260 |
_aBuenos Aires-Argentina : _bEdiciones del Aula Taller San Blas _c2022 |
||
| 300 |
_a261 páginas . : _c28x20 cm. |
||
| 500 | _zPáginas: 259-261 | ||
| 505 | _aLa revolución industrial inglesa -- América Latina, Asia y África, el mundo periférico -- Los cambios políticos -- El mundo entre dos guerras -- el mundo de posguerra -- El mundo a comienzos del siglo XXI | ||
| 650 |
_aRevolución Inglesa _93887 |
||
| 650 |
_aRevolución aristocrática _93781 |
||
| 650 |
_aEl mundo periférico _952572 |
||
| 650 |
_aEuropa occidental _95406 |
||
| 650 |
_aFin de la guerra fria _952573 |
||
| 856 | _fwww.aulataller.com | ||
| 942 |
_2ddc _cLIBROS |
||
| 945 |
_apbjr _d17-04-2026 |
||